000 00620nam a22001937a 4500
999 _c6540
_d6540
003 AR-CdUCM
008 190318b ||||| |||| 00| 0 spa d
040 _aMUNICIPALIDAD PROVINCIAL DEL CUSCO
_cBIBLIOTECA MUNICIPAL DEL CUSCO
082 _a030 /
_bEN56
245 _aEnciclopedia Universal Danae /
260 _aBarcelona :
_bHerder ;
_c1971.
300 _a816 páginas ;
_bFotografĂ­as, mapas
_c25cm
505 _aContenido: v.1: A-CH -- v.2: F-I -- v.3: P-Z
650 _aEnciclopedia
_918213
650 _aConocimiento general
_918473
710 _aEdiciones Danae
_918474
942 _2ddc
_cLIBROS
945 _anom